Πραγματεία ανάλυσης χώρου : θεωρία και μέθοδοι

Αποθηκεύτηκε σε:
Λεπτομέρειες βιβλιογραφικής εγγραφής
Κύριος συγγραφέας: Κουτσόπουλος, Κωστής, 1945-
Μορφή: Βιβλίο
Γλώσσα:Greek
Δημοσίευση: Αθήνα : Παπασωτηρίου, 2009
Θέματα:
Ετικέτες: Προσθήκη ετικέτας
Δεν υπάρχουν, Καταχωρήστε ετικέτα πρώτοι!

MARC

LEADER 00000cam a2200000 i 4500
001 1/8866
008 100701s2009 gre d
020 |a 978-960-7182-29-6 (τ.1) 
020 |a 978-960-7182-30-2 (τ.2) 
035 |l 10108420 
040 |a GR-MY-UA  |b gre  |e aacr 
041 0 |a gre 
082 0 |a 910.285  |2 (22) 
100 1 |a Κουτσόπουλος, Κωστής,   |d 1945- 
245 1 0 |a Πραγματεία ανάλυσης χώρου :  |b θεωρία και μέθοδοι /  |c Κωστής Κουτσόπουλος 
260 |a Αθήνα :   |b Παπασωτηρίου,   |c 2009 
300 |a 2 τ.;  |b πίν., σχέδια, διαγρ.;  |c 24 εκ. 
504 |a Περιέχει βιβλιογραφικές παραπομπές 
505 0 |a Τ.1. Θεωρία -- τ.2. Μέθοδοι 
650 0 0 |a Geography  |x Statistical methods. 
650 0 0 |a Geographic information systems. 
852 |a INST  |b LESVOS  |e 20100701  |h 910.285 ΚΟΥ  |p 005100048087  |q 005100048087  |t BK  |y 0  |z τ.1 
852 |a INST  |b LESVOS  |e 20100701  |h 910.285 ΚΟΥ  |p 005100048088  |q 005100048088  |t BK  |y 0  |z τ.1 
852 |a INST  |b LESVOS  |e 20100701  |h 910.285 ΚΟΥ  |p 005100048089  |q 005100048089  |t BK  |y 0  |z τ.1 
852 |a INST  |b LESVOS  |e 20100701  |h 910.285 ΚΟΥ  |p 005100048090  |q 005100048090  |t BK  |y 0  |z τ.2 
852 |a INST  |b LESVOS  |e 20100701  |h 910.285 ΚΟΥ  |p 005100048091  |q 005100048091  |t BK  |y 0  |z τ.2 
852 |a INST  |b LESVOS  |e 20100701  |h 910.285 ΚΟΥ  |p 005100048092  |q 005100048092  |t BK  |y 0  |z τ.2 
852 |a INST  |b LESVOS  |e 20101207  |h 910.285 ΚΟΥ  |p 005100049474  |q 005100049474  |t BK  |y 0  |z τ.1 
852 |a INST  |b LESVOS  |e 20101207  |h 910.285 ΚΟΥ  |p 005100049475  |q 005100049475  |t BK  |y 0  |z τ.1 
852 |a INST  |b LESVOS  |e 20101207  |h 910.285 ΚΟΥ  |p 005100049476  |q 005100049476  |t BK  |y 0  |z τ.1 
852 |a INST  |b LESVOS  |e 20101207  |h 910.285 ΚΟΥ  |p 005100049491  |q 005100049491  |t BK  |y 0  |z τ.2 
852 |a INST  |b LESVOS  |e 20101207  |h 910.285 ΚΟΥ  |p 005100049492  |q 005100049492  |t BK  |y 0  |z τ.2 
852 |a INST  |b LESVOS  |e 20101207  |h 910.285 ΚΟΥ  |p 005100049493  |q 005100049493  |t BK  |y 0  |z τ.2 
852 |a INST  |b LESVOS  |e 20120321  |h 910.285 ΚΟΥ  |p 005100050586  |q 005100050586  |t BK  |y 0  |z τ.2 
852 |a INST  |b LESVOS  |e 20120321  |h 910.285 ΚΟΥ  |p 005100050587  |q 005100050587  |t BK  |y 0  |z τ.1 
852 |a INST  |b LESVOS  |e 20100701  |h 910.285 ΚΟΥ  |p 005100048087  |q 005100048087  |t BK  |v τ.1:  |y 0  |z τ.1 
852 |a INST  |b LESVOS  |e 20100701  |h 910.285 ΚΟΥ  |p 005100048088  |q 005100048088  |t BK  |v τ.1:  |y 0  |z τ.1 
852 |a INST  |b LESVOS  |e 20100701  |h 910.285 ΚΟΥ  |p 005100048089  |q 005100048089  |t BK  |v τ.1:  |y 0  |z τ.1 
852 |a INST  |b LESVOS  |e 20100701  |h 910.285 ΚΟΥ  |p 005100048090  |q 005100048090  |t BK  |v τ.2:  |y 0  |z τ.2 
852 |a INST  |b LESVOS  |e 20100701  |h 910.285 ΚΟΥ  |p 005100048091  |q 005100048091  |t BK  |v τ.2:  |y 0  |z τ.2 
852 |a INST  |b LESVOS  |e 20100701  |h 910.285 ΚΟΥ  |p 005100048092  |q 005100048092  |t BK  |v τ.2:  |y 0  |z τ.2 
852 |a INST  |b LESVOS  |e 20101207  |h 910.285 ΚΟΥ  |p 005100049474  |q 005100049474  |t BK  |v τ.1:  |y 0  |z τ.1 
852 |a INST  |b LESVOS  |e 20101207  |h 910.285 ΚΟΥ  |p 005100049475  |q 005100049475  |t BK  |v τ.1:  |y 0  |z τ.1 
852 |a INST  |b LESVOS  |e 20101207  |h 910.285 ΚΟΥ  |p 005100049476  |q 005100049476  |t BK  |v τ.1:  |y 0  |z τ.1 
852 |a INST  |b LESVOS  |e 20101207  |h 910.285 ΚΟΥ  |p 005100049491  |q 005100049491  |t BK  |v τ.2:  |y 0  |z τ.2 
852 |a INST  |b LESVOS  |e 20101207  |h 910.285 ΚΟΥ  |p 005100049492  |q 005100049492  |t BK  |v τ.2:  |y 0  |z τ.2 
852 |a INST  |b LESVOS  |e 20101207  |h 910.285 ΚΟΥ  |p 005100049493  |q 005100049493  |t BK  |v τ.2:  |y 0  |z τ.2 
852 |a INST  |b LESVOS  |e 20120321  |h 910.285 ΚΟΥ  |p 005100050586  |q 005100050586  |t BK  |v τ.2:  |y 0  |z τ.2 
852 |a INST  |b LESVOS  |e 20120321  |h 910.285 ΚΟΥ  |p 005100050587  |q 005100050587  |t BK  |v τ.1:  |y 0  |z τ.1 
853 |a INST  |b LESVOS  |h 910.285 ΚΟΥ 
901 |a BIBL1-2010-2 
901 |a BIBL1-2010-3 
970 |a ΚΑΡΑ  |b ΓΙΑΣΕΜΗ  |z 2010/07/01